[Event "Fagernes GM Swiss 2020"]
[Site "Fagernes"]
[Date "2020.10.06"]
[Round "3.2"]
[White "Agdestein, Simen"]
[Black "Starostits, Ilmars"]
[Result "1/2-1/2"]
[WhiteElo "2552"]
[BlackElo "2464"]
[Annotator "TA"]
[PlyCount "98"]
[EventDate "2020.10.04"]
[EventType "swiss"]
[EventCountry "NOR"]
[SourceTitle "playchess.com"]
[Source "ChessBase"]
[SourceQuality "1"]

{[%evp 23,98,37,57,49,46,43,48,35,75,87,110,106,110,118,121,118,143,137,135,132,129,93,162,161,147,122,165,167,171,162,169,162,187,183,239,231,222,209,226,231,246,230,349,237,248,232,288,208,195,189,184,153,200,187,244,224,231,0,0,0,0,0,0,0,0,0,0,0,0,0,0,0,0,0,0,0,0]} 1. d4 Nf6 2. c4 g6 3. Nc3 d5 4. cxd5 Nxd5 5. e4 Nxc3 6. bxc3 Bg7 7. Bc4 c5 8. Ne2 O-O 9. O-O Nc6 10. Be3 Qc7 11. Rc1 Rd8 12. Bf4 Qa5 {[%cal Rc5d4]} 13. Qb3 {D87: Exchange Grünfeld: Classical Line: Variations without ...cxd4.} Rf8 14. Rfd1 e5 15. Be3 {White is slightly better.} Qc7 {[#]} 16. Bd5 $146 ({Of course not} 16. dxc5 Na5 $11) ({Predecessor:} 16. Qb1 Na5 17. Bd5 c4 18. dxe5 Bxe5 19. Bh6 Re8 20. Qb5 Bg4 21. f3 a6 22. Qa4 Be6 23. Bxe6 Rxe6 24. Rd7 Qb6+ 25. Kh1 Rd6 26. Rxd6 Bxd6 {½-½ (26) Zier,O (1972)-Bunk,K (2010) Bayern 2009}) 16... Bg4 17. f3 Na5 18. Qb5 $36 {[%mdl 2048] White is on the roll.} Bd7 19. Qxc5 Qxc5 20. dxc5 Bb5 21. c4 Ba6 22. f4 Rac8 {[#]} (22... Rad8 $16 {might work better.}) 23. fxe5 $1 $18 Bxe5 24. Nd4 Kg7 25. Nb5 Nc6 26. Nd6 Rc7 27. g4 Re7 28. Rb1 Na5 (28... Rd8 $142 29. h4 h6) 29. Rb4 Nc6 30. Ra4 {[#] aiming for Bxc6.} Rc7 31. h4 h6 32. Kg2 Bf6 (32... Kh7 $142 33. Rf1 Kg7 34. Rxf7+ Rfxf7) 33. Kh3 Be5 34. h5 Kh7 35. Bf2 Nd8 36. Nb5 Ne6 37. Be3 Bxb5 38. cxb5 Nxc5 (38... Nf4+ $142 39. Bxf4 Bxf4) 39. Rxa7 Ne6 {White must now prevent ...Rc3.} 40. Rc1 $2 (40. Kg2 $18) 40... Rxc1 $11 {The position is equal.} 41. Bxc1 Rc8 {( -> ...Rc2)} 42. Bxe6 ({Not} 42. Rxb7 $2 Rc2 $19) 42... Rc2 $1 {[%csl Ge5][%cal Rc2h2]} 43. g5 fxe6 44. Rxb7+ {[%mdl 4096] Endgame KRB-KRB} Kg8 45. gxh6 gxh5 {[%csl Ge5][%cal Rc2h2]} 46. Kh4 {Hoping for Be3.} Rxc1 47. Kxh5 {Threatening h7+.} Rh1+ 48. Kg6 {White wants to play h7+.} Rg1+ 49. Kh5 Rh1+ {White really could win this. Accuracy: White = 82%, Black = 61%.} 1/2-1/2

[Event "Fagernes GM Swiss 2020"]
[Site "Fagernes"]
[Date "2020.10.06"]
[Round "3.3"]
[White "Haug, Johannes"]
[Black "Lund, Gunnar"]
[Result "1-0"]
[WhiteElo "2481"]
[BlackElo "2302"]
[Annotator "TA"]
[PlyCount "83"]
[EventDate "2020.10.04"]
[EventType "swiss"]
[EventCountry "NOR"]
[SourceTitle "playchess.com"]
[Source "ChessBase"]
[SourceQuality "1"]

{[%evp 9,83,67,97,88,102,102,124,125,118,112,251,235,214,229,324,404,469,427,448,433,345,299,556,409,377,230,252,247,276,280,304,234,248,229,225,218,236,176,178,160,357,277,367,372,362,362,353,365,369,358,355,349,466,464,460,449,591,580,577,577,520,410,419,416,408,391,610,556,621,618,1050,1035,975,908,1245,1207]} 1. d4 d6 2. Nf3 Bg4 3. e4 Nd7 4. h3 Bh5 5. Nc3 e5 6. g4 {A41: 1 d4 d6: Tartakower System and Modern Defence.} Bg6 7. h4 h5 {[#]} 8. g5 $1 {[#] White is better.} d5 $146 ({Predecessor:} 8... f5 9. exf5 Bxf5 10. Bd3 Ne7 11. Bxf5 Nxf5 12. Qd3 g6 13. dxe5 Nxe5 14. Nxe5 dxe5 {1-0 (27) Batchimeg,T (2357)-Bochkarev,Y Ulan Ude 2014}) 9. exd5 Qe7 (9... Bb4 $16) 10. Be3 $18 e4 11. Nd2 O-O-O (11... Nb6 $142 12. a4 O-O-O) 12. Nc4 Qe8 13. Qd2 {[#] Hoping for Nb5.} Nb6 14. Nxb6+ axb6 15. Bb5 Qe7 $2 (15... Rd7 {is a better defense.} 16. Qe2 Bb4) 16. Bf4 Qb4 17. Bf1 Bd6 18. Bxd6 Qxd6 19. Nb5 Qxd5 20. Qf4 {[%csl Gb5][%cal Rf4c7]} ({Stronger than} 20. Qc3 c6 $11) 20... Rd7 21. c4 Qf5 22. Qg3 $40 {[%mdl 128] White attacks with force.} e3 23. fxe3 {Threatens to win with Bh3.} Qg4 24. Qf2 Kd8 $2 (24... Qe6 $16 {was necessary.} 25. Bh3 Qxc4) 25. Nc3 {Bh3 is the strong threat.} Qf5 26. Bh3 Qxf2+ 27. Kxf2 f5 28. a4 Ne7 29. a5 bxa5 30. Rxa5 c6 31. Ra8+ Nc8 32. Ne2 Ke7 33. Nf4 Bf7 34. Bxf5 Rdd8 35. Bxc8 Rxc8 36. Ra7 Rc7 37. b3 g6 (37... Rf8 $142 38. Kg3 Rd8) 38. e4 {White is clearly winning.} Rhc8 39. Rha1 b5 40. cxb5 cxb5 41. d5 Kd6 42. Ke3 {Black got outplayed after the opening. Accuracy: White = 82%, Black = 38%.} 1-0

[Event "Fagernes GM Swiss 2020"]
[Site "Fagernes"]
[Date "2020.10.06"]
[Round "3.4"]
[White "Vitenberg, Noam Aviv"]
[Black "Postny, Evgeny"]
[Result "0-1"]
[WhiteElo "2298"]
[BlackElo "2603"]
[Annotator "TA"]
[PlyCount "92"]
[EventDate "2020.10.04"]
[EventType "swiss"]
[EventCountry "NOR"]
[SourceTitle "playchess.com"]
[Source "ChessBase"]
[SourceQuality "1"]

{[%evp 9,92,-63,-67,-70,-76,-71,-50,-114,-24,-28,-32,-41,-35,-19,-32,-92,-72,-167,-164,-172,-166,-165,-166,-169,-168,-164,-163,-168,-164,-144,-162,-172,-158,-200,-207,-226,-226,-289,-296,-320,-281,-281,-272,-295,-295,-290,-276,-289,-279,-284,-288,-297,-297,-277,-279,-375,-322,-436,-445,-555,-468,-470,-420,-506,-391,-416,-410,-412,-394,-385,-391,-674,-659,-631,-656,-850,-853,-1149,-1144,-5297,-4782,-1118,-1094,-953,-938]} 1. e4 e5 2. Nc3 Nc6 3. Bc4 Nf6 4. d3 Bb4 5. f4 d5 6. exd5 {C28: Vienna Game: 2...Nf6 3 Bc4 Nc6.} Nxd5 7. Nge2 Bg4 8. Qd2 (8. Bxd5 $15 Qxd5 9. O-O Bxc3 10. bxc3) 8... Nb6 (8... Nd4 $1 $17 {[%cal Rd4e2]} 9. Bxd5 Nxe2 {[%mdl 64] Pin} 10. Bxb7 O-O) 9. Bb5 $11 Qh4+ 10. Ng3 {[#]} O-O-O $146 {[%cal Ba8d8,Bd8d6,Bd6h6,Bh6h5][%mdl 32] White must now prevent ...exf4.} ({Predecessor:} 10... O-O 11. O-O Nd4 12. Bc4 Bc5 13. Kh1 Nxc4 {0-1 (13) Kneipp,G (1995)-Mamaev,V (2365) ICCF corr 1989}) 11. Bxc6 $1 bxc6 12. O-O (12. Qf2 $15) 12... Bc5+ $17 {Black keeps a firm grip on the game.} 13. Kh1 {[#]} (13. Rf2 $17) 13... Rd6 $1 $19 {[%cal Rd6h6] Threatens to win with ...Rh6!} 14. Nge4 Rh6 {[%csl Gh6][%cal Rh4h2]} 15. g3 {[#]} ({Wrong is} 15. h3 $2 {[#]} Bxh3 $1 {[%mdl 512]} 16. Nxc5 Bxg2+ 17. Kxg2 Qg4+ 18. Kf2 Rh2+ 19. Ke1 Rxd2 $19) 15... Qh3 $1 {[%cal Rh3f1][%mdl 512]} 16. Qg2 Qxg2+ $40 {[%mdl 128] Black goes for the king.} 17. Kxg2 Bh3+ 18. Kh1 Bxf1 19. Nxc5 Rh5 20. fxe5 Rxe5 21. N3e4 Bh3 22. Bf4 Re7 23. Ng5 Bg4 24. Kg1 h6 25. Nge4 Nd5 26. Bd2 f5 27. Nf2 Re2 28. Nb3 Rhe8 29. c4 Ne3 30. Rc1 Bf3 31. Bc3 {intending Nd4.} Nc2 32. Bd2 g5 33. h3 Ne1 34. Rb1 Bh5 {...Nf3+ is the strong threat.} 35. Bc3 Nf3+ 36. Kf1 g4 37. hxg4 fxg4 38. Nd4 Nd2+ 39. Bxd2 Rxd2 40. Kg2 $2 (40. Re1) 40... Rf8 {Black is clearly winning.} 41. Rf1 Rxb2 42. Ne6 Rf3 43. a4 Bg6 44. Nf4 Bxd3 45. N4xd3 Rxd3 46. Rb1 {[#]} Rdd2 $1 {Accuracy: White = 54%, Black = 88%.} 0-1

[Event "Fagernes GM Swiss 2020"]
[Site "Fagernes"]
[Date "2020.10.06"]
[Round "3.5"]
[White "Ingebretsen, Jens E"]
[Black "Notkevich, Benjamin Arvola"]
[Result "1/2-1/2"]
[WhiteElo "2220"]
[BlackElo "2482"]
[Annotator "TA"]
[PlyCount "78"]
[EventDate "2020.10.04"]
[EventType "swiss"]
[EventCountry "NOR"]
[SourceTitle "playchess.com"]
[Source "ChessBase"]
[SourceQuality "1"]

{[%evp 9,78,0,0,0,10,6,14,0,6,8,3,8,9,0,0,-22,-29,-30,0,0,-2,0,3,1,0,-33,-20,-29,-16,-60,-47,-111,-87,-185,-172,-173,-161,-139,-62,-138,48,0,0,0,0,-17,-31,-513,-478,-602,-618,-462,-625,-600,-604,-626,-631,-619,-610,-580,0,0,0,0,0,0,0,0,0,0,0]} 1. c4 g6 2. g3 c5 3. Bg2 Bg7 4. Nc3 Nc6 5. Nf3 e6 6. h4 {A37: Symmetrical English vs ...g6: 4 Bg2 Bg7 5 Nf3.} h6 7. O-O Nge7 8. d3 d5 9. cxd5 exd5 10. Bf4 O-O 11. Qc1 Kh7 12. e4 {[#]} Be6 $146 ({Predecessor:} 12... dxe4 13. dxe4 Bg4 14. Qe3 Nd4 15. Rac1 Nec6 16. Nd5 b6 17. b3 Rc8 18. Nxd4 Nxd4 {½-½ (60) Rajkovic,A (2188)-Atakisi,U (2385) Veliko Gradiste 2017}) 13. Nb5 Qb6 14. a4 Rac8 15. Bd6 dxe4 16. dxe4 c4 17. Ba3 Rfd8 18. Qf4 Rd7 19. Rfc1 Rcd8 20. Bf1 ({Better is} 20. e5 $15) 20... Na5 21. Ne5 (21. Re1 $17) 21... Bxe5 $1 $19 22. Qxe5 {Black should prevent Bc5.} Nec6 $36 {[%mdl 2048] Black is on the roll.} 23. Qf6 a6 (23... Nb3 $17 24. Rd1 Ne5) 24. b4 {[#]} (24. Nc3 $15) 24... axb5 $2 (24... Nb3 $1 $17 {[%cal Rb3c1]} 25. Bb2 Rg8) 25. Bb2 {[%csl Gb2][%cal Rf6g7]} Nd4 $1 {Strongly threatening ...Nab3.} 26. bxa5 Qxa5 27. h5 gxh5 28. Rd1 $2 {[%mdl 8192]} (28. Bxd4 $1 $15 Rxd4 29. Bh3) 28... c3 29. Bc1 {[#]} Ne2+ $1 {[%mdl 512]} 30. Bxe2 Rxd1+ 31. Bxd1 Rxd1+ 32. Kh2 {[#]} Rxc1 $1 33. Rxc1 {[%mdl 4096] Endgame next axb5 is good for White. KQR-KQB} b4 {White must now prevent ...Qg5.} 34. e5 {intending Rd1.} b3 $2 (34... Qd5 $19 35. Qf4 b3 36. Rxc3 b2) 35. Rd1 $1 $11 {The position is equal.} c2 {[#]} 36. Rd7 $3 {[%mdl 576] Decoy} Bxd7 37. Qxf7+ {[%mdl 64] Double Attack} Kh8 38. Qf8+ Kh7 39. Qf7+ {[%mdl 64] Double Attack} Kh8 {Accuracy: White = 56%, Black = 81%.} 1/2-1/2

[Event "Fagernes GM Swiss 2020"]
[Site "Fagernes"]
[Date "2020.10.06"]
[Round "3.6"]
[White "Holleland, Sigve"]
[Black "Haldorsen, Benjamin"]
[Result "0-1"]
[WhiteElo "2133"]
[BlackElo "2469"]
[Annotator "TA"]
[PlyCount "118"]
[EventDate "2020.10.04"]
[EventType "swiss"]
[EventCountry "NOR"]
[SourceTitle "playchess.com"]
[Source "ChessBase"]
[SourceQuality "1"]

{[%evp 10,118,71,77,97,79,88,24,102,77,103,103,118,43,96,100,133,134,132,33,102,48,48,36,47,7,10,-31,118,138,183,187,167,164,204,215,199,183,170,0,0,0,0,0,0,0,0,0,0,0,0,0,0,0,0,0,0,0,0,0,0,0,0,-70,-62,-73,-28,-28,-28,-39,-26,-21,-13,-30,-24,-24,-24,-24,-29,-29,-29,-39,-39,-61,-64,-54,-51,-87,-80,-254,-253,-264,-142,-138,-100,-264,-187,-166,-16,-30,0,0,0,0,0,0,0,0,0,0,0]} 1. c4 g6 2. Nc3 Bg7 3. d4 c5 4. d5 d6 5. e4 Bxc3+ 6. bxc3 e5 {A43: Schmid Benoni.} 7. Bd3 {7.dxe6 might become the main line.} Qe7 8. h4 (8. Ne2 $16) 8... h6 (8... f5 $1 $11) 9. Ne2 Nd7 10. Ng3 Kd8 {[#]} 11. a4 $146 (11. Rb1 $16) ({Predecessor:} 11. Nf1 Kc7 12. Ne3 Ngf6 13. g3 Nf8 14. Kf1 h5 15. Kg2 Ng4 16. Nxg4 hxg4 17. f3 gxf3+ 18. Qxf3 {0-1 (41) Thybo,J (2590)-Haldorsen,B (2460) Ballerup 2020}) 11... Kc7 (11... a5 $1 $14) 12. a5 $16 Ndf6 13. Rb1 Rb8 14. h5 (14. Rb2 $16) 14... Bg4 (14... gxh5 $14 15. Qc2 (15. Nxh5 Bg4 $15) 15... h4) 15. Be2 (15. f3 $1 $16 {[%cal Rf3g4]} Bd7 16. hxg6) 15... Bd7 $14 16. hxg6 fxg6 17. Bd2 Qg7 18. f4 {Strongly threatening fxe5.} Ne8 (18... Qe7 $15) 19. O-O $1 $16 Rh7 20. fxe5 Qxe5 21. Bf4 Qe7 22. e5 $1 {[%cal Re5d6]} dxe5 23. Be3 Ngf6 24. d6+ $2 ({White should play} 24. Qc2 $18) 24... Qxd6 $11 25. Qxd6+ Kxd6 26. Rbd1+ Kc6 27. Bf3+ Kc7 28. Bxc5 b6 29. Bb4 Bg4 30. Ne4 {Threatens to win with Nxf6.} Bxf3 31. Nxf6 Bxd1 ({Don't blunder} 31... Nxf6 $2 32. Bd6+ Kb7 33. Rxf3 $18) 32. Nxh7 Be2 33. Rf7+ Kc6 34. axb6 axb6 35. Re7 Bxc4 36. Rxe5 (36. Nf8 $1 $11) 36... Nd6 $15 37. Nf6 Nf5 38. Re1 h5 39. g4 hxg4 40. Nxg4 Bd5 41. Kf2 Rh8 42. Rg1 Kb7 43. Ne5 Rh2+ 44. Ke1 Nh4 45. Kd1 Bb3+ 46. Kc1 Rc2+ 47. Kb1 Re2 48. Rg4 Ng2 {White must now prevent ...Be6.} 49. Nxg6 $2 (49. Nf3 $17) 49... Ne3 $19 50. Rg1 {[#]} Bc2+ ({Black should try} 50... Nc4 $1 $19 51. Nh4 Rb2+ 52. Ka1 Ra2+ 53. Kb1 Nd2+ 54. Kc1 Ra1+ 55. Kxd2 Rxg1) 51. Ka1 $17 Be4 {And now ...Nc2+ would win.} 52. Bf8 $2 (52. Nf4 $17 Rf2 53. Nh3) 52... Rf2 {aiming for ...Bxg6.} 53. Bg7 {[#]} Ka6 (53... Nc4 $1 $19 {[%cal Rc4d2]} 54. Rg4 Na5 55. Rxe4 Nb3+ 56. Kb1 Nd2+ {[%mdl 64] Double Attack} 57. Kc1 Nxe4) 54. Ne5 $11 Nc2+ 55. Kb2 {The position is equal.} Nd4+ 56. Ka3 Ne6 57. Nc4 Bd5 58. Nb2 Rf3 59. Kb4 Kb7 {[%mdl 32768] What a bad dream for Black. Accuracy: White = 67%, Black = 69%. . Sensor Board Error (Ke4/e5)?} 0-1

[Event "Fagernes GM Swiss 2020"]
[Site "Fagernes"]
[Date "2020.10.06"]
[Round "3.7"]
[White "Holm, Kristian Stuvik"]
[Black "Carlsson, Ludvig"]
[Result "1/2-1/2"]
[WhiteElo "2465"]
[BlackElo "2281"]
[Annotator "TA"]
[PlyCount "67"]
[EventDate "2020.10.04"]
[EventType "swiss"]
[EventCountry "NOR"]
[SourceTitle "playchess.com"]
[Source "ChessBase"]
[SourceQuality "1"]

{[%evp 23,67,0,0,-8,9,0,8,0,30,27,27,27,33,29,38,31,38,35,27,6,53,22,64,57,88,26,61,18,50,57,50,56,76,65,215,236,221,41,35,17,86,33,41,31,31,29]} 1. d4 d5 2. c4 c6 3. Nf3 Nf6 4. Nc3 e6 5. e3 Nbd7 6. Qc2 Bd6 7. Be2 O-O 8. O-O b6 9. b3 Bb7 10. Bb2 Qe7 11. Rfe1 Rfe8 12. Rad1 Rad8 13. g3 {D45: Semi-Slav: 5 e3.} c5 14. cxd5 exd5 15. Bf1 {The position is equal.} Qe6 16. Bg2 h6 {[#]} 17. Qb1 $146 ({Predecessor:} 17. dxc5 bxc5 18. Nh4 Bf8 19. Qf5 g5 20. Qxe6 fxe6 21. Nf3 e5 22. Nd2 e4 23. Nb5 {0-1 (71) Swapnil,S (2493)-Eljanov,P (2703) Douglas 2018}) 17... Ne4 18. dxc5 Ndxc5 19. Nb5 Bb8 20. Nbd4 Qc8 21. Ne2 Qf5 22. Nf4 Bxf4 23. Nd4 $36 {[%mdl 2048] White has the initiative.} Qc8 {[#] Strongly threatening ...Be5.} 24. gxf4 ({White should play} 24. exf4 $16 Qd7 25. Nc2) 24... Ba6 25. Ne2 h5 26. f3 Nd6 27. Ng3 ({Much worse is} 27. Rxd5 Rxe3 28. Nd4 Rxe1+ 29. Qxe1 Nd3 $17) 27... h4 28. Nh5 h3 ({Black should try} 28... Re6 $1 $14) 29. Nxg7 $18 hxg2 30. Nxe8 $2 {[#]} (30. Rxd5 $18 Bd3 31. Rxd3 Nxd3 32. Qxd3) 30... Nxe8 $14 31. Kxg2 Qc6 (31... Rd6 $1 $11 {keeps the balance.} 32. Kh1 Qh3 33. Rg1+ Kf8) 32. Rg1 (32. Kh1 $16) 32... Kf8 33. Qh7 Qg6+ 34. Qxg6 {Accuracy: White = 71%, Black = 53%.} 1/2-1/2

[Event "Fagernes GM Swiss 2020"]
[Site "Fagernes"]
[Date "2020.10.06"]
[Round "3.8"]
[White "Hobber, Anders"]
[Black "Nielsen, Andre"]
[Result "1-0"]
[WhiteElo "2386"]
[BlackElo "2218"]
[Annotator "TA"]
[PlyCount "87"]
[EventDate "2020.10.04"]
[EventType "swiss"]
[EventCountry "NOR"]
[SourceTitle "playchess.com"]
[Source "ChessBase"]
[SourceQuality "1"]

{[%evp 13,87,0,17,4,36,37,34,35,36,35,34,34,35,27,40,39,39,38,51,46,53,49,62,61,70,68,74,62,66,58,133,98,90,95,84,4,206,106,219,216,254,246,227,125,153,123,194,196,179,183,183,189,228,81,78,82,85,83,87,27,107,90,100,97,321,307,415,428,407,255,771,761,1521,1508,1270,1237]} 1. d4 Nf6 2. Nf3 b6 3. Bg5 Bb7 4. e3 e6 5. Nbd2 Be7 6. Bd3 d6 7. O-O Nbd7 8. e4 {A47: 1 d4 Nf6 2 Nf3 b6: Torre, London and Colle Systems.} e5 9. c3 O-O 10. Re1 {White is slightly better.} h6 11. Bh4 Nh5 12. Bxe7 Qxe7 {[#]} 13. Bb5 $146 ({Predecessor:} 13. g3 g6 14. a4 a6 15. d5 Ng7 16. Nh4 c6 17. dxc6 Bxc6 18. Nc4 d5 19. exd5 Bxd5 {1-0 (37) Sokolov,I (2625)-Nijboer,F (2510) Wijk aan Zee 1995}) 13... c6 14. Bf1 Nf4 15. Nc4 Rfd8 16. g3 Ne6 17. Bg2 g6 18. h4 Ba6 19. Ne3 Nf6 20. Qc2 Nc7 21. Rad1 Bb7 (21... h5 $14) 22. dxe5 dxe5 23. Nc4 Ng4 24. h5 ({White should play} 24. Bh3 $16 Ba6 25. Nxb6 (25. Bxg4 Bxc4 26. h5 Qf6 $14) 25... axb6 26. Bxg4) 24... Qc5 $2 (24... Ba6 $11 {and Black stays safe.} 25. Ne3 Nxe3 26. Rxe3 g5) 25. Ne3 (25. Bh3 $18) 25... Rxd1 (25... Nxe3 $16 26. Rxe3 Ba6) 26. Qxd1 $18 Nf6 27. hxg6 fxg6 28. Nh4 (28. b4 $18 Qe7 29. Nc4) 28... Kg7 29. Qd2 Ne6 (29... Qf8 $16 {was called for.}) 30. b4 Qf8 31. Nc4 Rd8 32. Qc2 Ng4 {[#]} 33. Qe2 (33. f3 $1 $18 {[%cal Rf3g4] is the precise move to win.} Ba6 34. Bf1) 33... h5 $16 34. f3 $36 {[%mdl 2048] White is in control.} Nh6 35. Nxe5 {Hoping for f4.} g5 36. Qc4 ({Better is} 36. Nhg6 $16 Qf6 37. Bh3) 36... Qf6 {[#]} (36... Rd6 $11 37. Nf5+ (37. Nhg6 Qf6 $11) 37... Nxf5 38. exf5 Qxf5) 37. Nf5+ $1 Nxf5 38. exf5 Nc7 $2 (38... Qxf5 $16 39. Nxc6 {[%mdl 64] Double Attack} Rd6) 39. f4 $18 {And now fxg5 would win.} Qxf5 {Black hopes to continue with ...gxf4.} 40. Nxc6 Bxc6 41. Qxc6 Qf7 $2 (41... Qd7 42. Qf3 Re8 43. Rxe8 Nxe8 44. Qxh5 gxf4 45. Qg5+ (45. gxf4 Qe6 $18) 45... Kf8 46. Qxf4+ Ke7 47. Qg5+ Kf8) 42. Re5 {White is clearly winning.} gxf4 43. Rg5+ Kf8 44. Qh6+ {[%mdl 64] Double Attack. Accuracy: White = 61%, Black = 40%.} 1-0

[Event "Fagernes GM Swiss 2020"]
[Site "Fagernes"]
[Date "2020.10.06"]
[Round "3.9"]
[White "Miezis, Normunds"]
[Black "Torngren, Gustav"]
[Result "1/2-1/2"]
[WhiteElo "2485"]
[BlackElo "2185"]
[Annotator "TA"]
[PlyCount "74"]
[EventDate "2020.10.04"]
[EventType "swiss"]
[EventCountry "NOR"]
[SourceTitle "playchess.com"]
[Source "ChessBase"]
[SourceQuality "1"]

{[%evp 10,74,8,-16,16,15,15,18,22,18,8,12,14,14,7,2,16,16,26,25,25,0,5,0,31,42,36,39,51,60,49,60,91,78,34,48,64,0,11,-10,-10,-22,-12,-15,0,0,0,-23,0,-345,-338,-354,-245,-220,-152,-406,0,0,0,0,0,0,0,0,0,0,0]} 1. c4 Nf6 2. Nc3 g6 3. g3 Bg7 4. Bg2 O-O 5. d3 d6 6. Bd2 h6 {[#] A16: English Opening: 1...Nf6 with ...d5.} 7. b4 $146 ({Predecessor:} 7. Nf3 Re8 8. O-O e5 9. e4 Bg4 10. h3 Bxf3 11. Qxf3 Nc6 12. Be3 Nd4 13. Bxd4 exd4 {0-1 (30) Lopez Cerna,K-Aguiar Munoz,A (1571) Carpuela 2015}) 7... e5 8. Rb1 a5 9. a3 axb4 10. axb4 c6 11. Qc1 Kh7 12. Nf3 Re8 13. e4 Nbd7 {[%cal Bb8d7,Bd7f8,Bf8e6,Be6g5][%mdl 32]} 14. O-O Nf8 15. Ne1 Ne6 16. Nc2 Ng5 17. f4 exf4 18. gxf4 Nh3+ 19. Kh1 Nh5 20. f5 N3f4 21. Bxf4 Bxc3 22. d4 c5 23. fxg6+ (23. bxc5 $14 dxc5 24. fxg6+ (24. dxc5 Nxf4 25. Qxf4 Qg5 $14) (24. Bxh6 cxd4 25. Bg5 Qd6 $11) 24... fxg6 25. dxc5 (25. Bxh6 cxd4 26. Bg5 Qd6 $11)) 23... fxg6 $11 24. Bxh6 Qh4 $36 {[%mdl 2048] Black has the initiative.} 25. Rf7+ Kg8 {White must now prevent ...Ng3+.} 26. Rf3 cxd4 {...Ra2 is the strong threat.} 27. Bg5 Qg4 28. h3 Qe6 29. Ne3 $2 {[%mdl 8192]} (29. Bd2 $1 $11 {and White has nothing to worry.} Ra2 30. Bxc3 dxc3 31. Ra1 Rxa1 32. Qxa1) 29... Qxe4 $19 (29... dxe3 30. Qxc3 e2 31. Re1 $11) 30. Nd5 Ra2 {Hoping for ...Rxg2!} 31. Qf1 {[#] With the idea Ne7+!} (31. Rf8+ $2 Kxf8 32. Be7+ Kf7 $1 $19 {[%mdl 512]}) 31... Bxh3 $1 {[%mdl 512]} 32. Bxh3 $2 {[#]} (32. Rxh3 $17 Rxg2 {[%mdl 64] Deflection} 33. Qxg2 Qxb1+ {[%mdl 64] Double Attack} 34. Kh2) 32... Ng3+ $2 (32... Rf8 $1 $19 {[%cal Rf8f3]} 33. Bg2 (33. Nxc3 $2 dxc3 34. Re1 Ng3+ 35. Kg1 Rxf3 $19) 33... Rxf3 {[%mdl 64] Overworked Piece} 34. Qxf3 (34. Bxf3 $2 {too greedy.} Qc2 $19) 34... Qxb1+ {[%mdl 64] Double Attack} 35. Kh2 Bd2) 33. Kg1 $11 {The position is equal.} Ne2+ 34. Kh1 {Strongly threatening Nf6+.} Ng3+ {[%mdl 64] Double Attack} (34... Rf8 $5 35. Be6+ $8 Kg7 36. Bf6+ Rxf6 37. Nxf6 Ng3+ 38. Kg1 Ne2+ 39. Kh1 Ng3+ 40. Kg1 Ne2+ 41. Kh1 $11) 35. Kg1 Ne2+ 36. Kh1 {Threatens to win with Nf6+.} Ng3+ {[%mdl 64] Double Attack} (36... Rf8 $5 37. Be6+ $8 Kg7 38. Bf6+ Rxf6 39. Nxf6 Ng3+ 40. Kg1 Ne2+ 41. Kh1 Ng3+ 42. Kg1 Ne2+ 43. Kh1 $11) 37. Kg1 Ne2+ {Accuracy: White = 76%, Black = 72%.} 1/2-1/2

[Event "Fagernes GM Swiss 2020"]
[Site "Fagernes"]
[Date "2020.10.06"]
[Round "3.10"]
[White "Shehzad, Shazil"]
[Black "Kaasen, Tor Fredrik"]
[Result "0-1"]
[WhiteElo "2188"]
[BlackElo "2386"]
[Annotator "TA"]
[PlyCount "70"]
[EventDate "2020.10.04"]
[EventType "swiss"]
[EventCountry "NOR"]
[SourceTitle "playchess.com"]
[Source "ChessBase"]
[SourceQuality "1"]

{[%evp 16,70,14,12,8,13,22,15,12,26,14,-8,-11,-35,-17,-17,-12,-52,-50,-37,-45,-44,-56,-40,-25,-37,-33,-33,-29,-55,-61,-60,-47,-57,-83,-74,-5,-166,-81,-107,-56,-93,-97,-112,-95,-87,-89,-91,-83,-106,-118,-560,-567,-697,-708,-785,-777]} 1. e4 c5 2. Nf3 Nc6 3. Bb5 e6 4. O-O Nge7 5. Re1 a6 6. Bf1 d5 7. exd5 Nxd5 8. d4 Nf6 9. Be3 cxd4 {B30: Sicilian: 2...Nc6 3 Bb5, lines without ...g6.} 10. Nxd4 Bd7 $1 {10...Bd7 scores better than 10...Nxd4.} 11. Nb3 Qc7 {The position is equal.} 12. Nc3 Bd6 13. h3 Ne7 {[#]} 14. Bg5 $146 ({Predecessor:} 14. Nd2 Nf5 15. Bg5 Bc6 16. Nde4 Nxe4 17. Nxe4 Bh2+ 18. Kh1 h6 19. Bc1 Be5 20. c3 {0-1 (27) Draskovic,L (2450)-Sebenik,M (2534) Heraklion 2017}) 14... Bh2+ 15. Kh1 Be5 (15... Bc6 {keeps more tension.} 16. Qe2 Rd8 17. Rad1 Rxd1 18. Nxd1 Bf4) 16. Qe2 Ng6 17. Rad1 O-O 18. Nd4 h6 19. Bc1 b5 20. a3 Rac8 21. Qf3 Rfd8 $36 {[%mdl 2048] Black has good play.} 22. Be3 Nh4 23. Qe2 Bd6 24. Kg1 e5 25. Nf3 Ng6 (25... Nf5 $17) 26. g3 $2 {[#]} (26. a4 $1 $11 {and White stays safe.}) 26... Bc6 (26... Bxa3 $1 $19 {[%mdl 512]} 27. bxa3 Qxc3 {[%mdl 64] Double Attack}) 27. Bg2 $17 Qb7 (27... Ne7 $17) 28. Bc1 a5 29. Nb1 b4 30. axb4 axb4 31. c3 Bb5 32. Qc2 {With the idea Nxe5.} Qa6 33. Qf5 $2 {[%mdl 8192] [#]} (33. Be3 $17) 33... e4 $19 {Black is clearly winning.} 34. Nd4 Bd7 35. Bf1 Qb6 {Accuracy: White = 58%, Black = 82%.} 0-1